Представление документа в формате MARC21

Поле Инд. ПП Название Значение
Тип записи a
Библиографический уровень b
001 Контрольный номер RU/IS/BASE/260555938
005 Дата корректировки 20200629153317.6
008 Кодируемые данные 20080403
040 b Код языка каталог. rus
e Правила каталог. PSBO
041 0_ a Код языка текста rus
084 a Индекс другой классификации/Индекс ББК 74.484.7(2Рос)к
245 10 a Заглавие Типовое Положение о Президенте государственного высшего учебного заведения
b Продолж. заглавия [от 18 марта 2007 г.]
650 04 a Основная рубрика высшее образование
a Основная рубрика образование
a Основная рубрика профессиональное образование; высшие образовательные учреждения
653 1_ a Ключевые слова высшие учебные заведения
a Ключевые слова государственные учебные заведения
a Ключевые слова президент государственного учебного заведения
a Ключевые слова Россия
a Ключевые слова руководство вузом
773 08 t Заглавие источника Высшее образование сегодня
d Дата издания источника 2007
g Прочая информация № 6. - С. 94 - 95
w Контрольный № источника RU/IS/BASE/247755150
901 t Тип документа b